000 01338nam a22002297a 4500
001 5647
003 FISKH
005 20250109102909.0
008 250109b cb ||||| |||| 00| 0 eng d
020 _a9780199136360
040 _aFISKH
_beng
_cFISKH
_dFISKH
082 _a909.82
100 _aCantrell, John
245 _a20th century history for Cambridge IGCSERG /
_cby John Cantrell, Neil Smith , Peter Smith with Ray Ennion
260 _aOxford :
_bOxford University Press ;
_c2013.
300 _a411 pages :
_bcolor illustrations, maps ;
_c29 cm.
520 _aWritten by experienced teachers and examiners, this fully comprehensive text thoroughly covers all the 20th century elements of the Cambridge IGCSE in History. With a dual focus on knowledge acquisition AND skills development, it includes extensive source analysis work and is packed withoriginal colour sources, graphs, maps and more to hold learners' attention. A dedicated chapter on exam skills fully develops all the skills directly relevant to assessment and the alternative to coursework. Including careful provision for EAL learners, a high level of detail and challenge willstretch your most able students and enable critical thinking.
650 _asecondary
_vnon-fiction
700 _aSmith, Neil
_eillustrator
942 _2ddc
_cBK
_n0
999 _c5647
_d5647